[Event "Locri op 2nd"]
[Site "Locri"]
[Date "2014.04.17"]
[Round "4"]
[White "Luvera, Filippo"]
[Black "Fracasso Pezzolato, Michele"]
[Result "0-1"]
[WhiteElo "1895"]
[BlackElo "1830"]
[PlyCount "146"]
[EventDate "2014.04.16"]
[EventType "swiss"]
[EventRounds "7"]
[EventCountry "ITA"]
[SourceTitle "EXT 2017"]
[Source "ChessBase"]
[SourceDate "2016.10.25"]
[SourceVersion "1"]
[SourceVersionDate "2016.10.25"]
[SourceQuality "1"]

1. e4 c5 2. c3 Nf6 3. e5 Nd5 4. d4 cxd4 5. cxd4 e6 6. Nf3 Nc6 7. Bc4 d6 8. 0-0 Be7 9. Nc3 Nxc3 10. bxc3 dxe5 11. dxe5 Qa5 12. Qe1 b5 13. Bd3 Bb7 14. Bd2 Qb6 15. Qe2 a6 16. Rfb1 Qc7 17. a4 bxa4 18. Rxa4 a5 19. Rba1 0-0 20. h4 Rfd8 21. h5 Bf8 22. Qe4 g6 23. hxg6 hxg6 24. Qe2 Bg7 25. Bg5 Rd5 26. Bf6 Nxe5 27. Bxg7 Nxf3+ 28. Qxf3 Kxg7 29. Be4 Rf5 30. Qe3 Bxe4 31. Qxe4 Rh8 32. g3 Qxc3 33. R4a3 Qd2 34. R3a2 Qh6 35. Kf1 Qh1+ 36. Qxh1 Rxh1+ 37. Ke2 Rxa1 38. Rxa1 g5 39. Ra4 Rb5 40. f3 f5 41. f4 gxf4 42. gxf4 Rb4 43. Rxa5 Rxf4 44. Ke3 Re4+ 45. Kf3 Kf6 46. Kg3 Kg5 47. Ra8 Re3+ 48. Kf2 Kf4 49. Rh8 Rg3 50. Rh4+ Rg4 51. Rh3 e5 52. Rf3+ Ke4 53. Ra3 f4 54. Ra4+ Kf5 55. Ra5 Rg3 56. Rb5 Rd3 57. Ke2 Rc3 58. Kd2 Re3 59. Rb4 Kg4 60. Rb8 Kf3 61. Rh8 Re2+ 62. Kd1 Ke3 63. Re8 Kf3 64. Rh8 Rg2 65. Ke1 e4 66. Kf1 e3 67. Rh3+ Rg3 68. Rh2 Rg8 69. Rh3+ Ke4 70. Rh4 Ra8 71. Ke2 Ra2+ 72. Ke1 Kd3 73. Rh3 Ra1# 0-1

[Event "Reggio Calabria Province-ch"]
[Site "Calabria"]
[Date "2012.05.05"]
[Round "2"]
[White "Luvera, Filippo"]
[Black "Vallone, Rosario"]
[Result "1-0"]
[WhiteElo "1920"]
[BlackElo "1557"]
[PlyCount "123"]
[EventDate "2012.05.04"]
[EventType "swiss"]
[EventRounds "5"]
[EventCountry "ITA"]
[SourceTitle "EXT 2014"]
[Source "ChessBase"]
[SourceDate "2013.11.20"]
[SourceVersion "1"]
[SourceVersionDate "2013.11.20"]
[SourceQuality "1"]

1. e4 e6 2. d4 d5 3. Nd2 c5 4. exd5 Qxd5 5. Ngf3 Nf6 6. Bc4 Qd6 7. Nb3 cxd4 8. Qxd4 Qxd4 9. Nbxd4 Bc5 10. 0-0 0-0 11. a4 b6 12. Nb3 Nbd7 13. Bg5 Bb7 14. Nxc5 bxc5 15. Nd2 Rab8 16. Rad1 Nd5 17. b3 h6 18. Bh4 Nf4 19. Bg3 g5 20. Bxf4 gxf4 21. Nf3 Nb6 22. Ne5 Bd5 23. Bxd5 exd5 24. a5 Na8 25. Nd7 Rbd8 26. Nxf8 Kxf8 27. Rfe1 Rd6 28. Re5 Nc7 29. Rf5 Kg7 30. Rxf4 Ra6 31. Ra1 Kg6 32. Rg4+ Kf6 33. Rg8 Ne6 34. Rc8 Ke5 35. c3 d4 36. cxd4+ Kxd4 37. Kf1 Kc3 38. Rb8 Kb2 39. Ra4 Nd4 40. b4 c4 41. b5 Re6 42. Rxc4 Nc2 43. Rxc2+ Kxc2 44. f3 Re7 45. b6 axb6 46. axb6 Kd2 47. b7 Ke3 48. Ke1 h5 49. h4 Kf4+ 50. Kf2 Kf5 51. g3 Kf6 52. Rh8 Rxb7 53. Rxh5 Re7 54. g4 Kg6 55. Rc5 f6 56. Kg3 Rb7 57. h5+ Kh6 58. Kf4 Kg7 59. Kf5 Rf7 60. f4 Kh6 61. Rc6 Kg7 62. h6+ 1-0

[Event "St Eufemia d'Aspromonte op 4th"]
[Site "St Eufemia d'Aspromonte"]
[Date "2011.01.05"]
[Round "8"]
[White "Cordi, Domenico"]
[Black "Luvera, Filippo"]
[Result "1/2-1/2"]
[WhiteElo "2053"]
[BlackElo "1930"]
[PlyCount "20"]
[EventDate "2011.01.02"]
[EventType "swiss"]
[EventRounds "9"]
[EventCountry "ITA"]
[SourceTitle "CBM 140 Extra"]
[Source "ChessBase"]
[SourceDate "2011.03.01"]
[SourceVersion "1"]
[SourceVersionDate "2011.03.01"]
[SourceQuality "1"]

1. e4 c5 2. Nf3 Nc6 3. d4 cxd4 4. Nxd4 Nf6 5. Nc3 d6 6. Be3 e6 7. f3 Be7 8. Qd2 0-0 9. 0-0-0 a6 10. g4 Qc7 1/2-1/2

[Event "St Eufemia d'Aspromonte op 4th"]
[Site "St Eufemia d'Aspromonte"]
[Date "2011.01.03"]
[Round "3"]
[White "Blasco, Domenico"]
[Black "Luvera, Filippo"]
[Result "1/2-1/2"]
[WhiteElo "1923"]
[BlackElo "1930"]
[PlyCount "72"]
[EventDate "2011.01.02"]
[EventType "swiss"]
[EventRounds "9"]
[EventCountry "ITA"]
[SourceTitle "CBM 140 Extra"]
[Source "ChessBase"]
[SourceDate "2011.03.01"]
[SourceVersion "1"]
[SourceVersionDate "2011.03.01"]
[SourceQuality "1"]

1. d4 Nf6 2. Nf3 e6 3. e3 b6 4. Nbd2 Bb7 5. Bd3 Be7 6. 0-0 0-0 7. b3 d6 8. Bb2 Nbd7 9. c4 c5 10. Qe2 Re8 11. Rfd1 Qc7 12. Rac1 a5 13. Bb1 Bf8 14. Nf1 Be4 15. Bxe4 Nxe4 16. a4 g6 17. Qc2 Nef6 18. N1d2 Bg7 19. Nb1 Nb8 20. Nc3 Nc6 21. Nb5 Qe7 22. Qb1 Na7 23. Nxa7 Rxa7 24. Rd3 Rd8 25. Rcd1 Rad7 26. Qa1 Ne4 27. Ne1 cxd4 28. exd4 d5 29. f3 dxc4 30. bxc4 Nd6 31. Qa2 Nf5 32. Nc2 Qh4 33. Qa1 Qg5 34. Bc1 Qf6 35. Bb2 Qg5 36. Bc1 Qf6 1/2-1/2

[Event "St Eufemia d'Aspromonte op 4th"]
[Site "St Eufemia d'Aspromonte"]
[Date "2011.01.03"]
[Round "4"]
[White "Luvera, Filippo"]
[Black "Gregori, Giacomo"]
[Result "0-1"]
[WhiteElo "1930"]
[BlackElo "1948"]
[PlyCount "98"]
[EventDate "2011.01.02"]
[EventType "swiss"]
[EventRounds "9"]
[EventCountry "ITA"]
[SourceTitle "CBM 140 Extra"]
[Source "ChessBase"]
[SourceDate "2011.03.01"]
[SourceVersion "1"]
[SourceVersionDate "2011.03.01"]
[SourceQuality "1"]

1. e4 d6 2. d4 Nf6 3. Nc3 c6 4. Nf3 Bg4 5. a4 Qc7 6. Be2 e5 7. Be3 Be7 8. 0-0 0-0 9. Qd3 a5 10. Na2 Na6 11. c3 h6 12. b4 exd4 13. Nxd4 Bxe2 14. Nxe2 axb4 15. Nxb4 Nc5 16. Bxc5 dxc5 17. Nc2 Rfd8 18. Qc4 Ng4 19. Ng3 Rd2 20. Ne3 Ne5 21. Qb3 Rad8 22. Rad1 c4 23. Qb1 Bc5 24. Ngf5 Kh7 25. Nd4 Rd3 26. Rxd3 Nxd3 27. Nxc4 Bxd4 28. cxd4 Rxd4 29. Qb3 Nc5 30. Qc3 Rxe4 31. Qc2 g6 32. f3 Re7 33. Rd1 Qf4 34. a5 Qh4 35. g3 Qf6 36. Kg2 Ne6 37. Rd2 Nd4 38. Qd3 c5 39. Ne3 Qxf3+ 40. Kh3 Rxe3 41. Qc4 Qf5+ 42. Kg2 Qe4+ 43. Kh3 Qe6+ 44. Qxe6 Rxe6 45. Rb2 Re7 46. Rb6 c4 47. a6 bxa6 48. Rxa6 c3 49. Ra4 c2 0-1

[Event "St Eufemia d'Aspromonte op 3rd"]
[Site "St Eufemia d'Aspromonte"]
[Date "2010.01.06"]
[Round "7"]
[White "Rotunno, Giuseppe"]
[Black "Luvera, Filippo"]
[Result "1/2-1/2"]
[WhiteElo "2069"]
[BlackElo "1871"]
[PlyCount "22"]
[EventDate "2010.01.02"]
[EventType "swiss"]
[EventRounds "7"]
[EventCountry "ITA"]
[SourceTitle "CBM 134 Extra"]
[Source "ChessBase"]
[SourceDate "2010.03.03"]
[SourceVersion "1"]
[SourceVersionDate "2010.03.03"]
[SourceQuality "1"]

1. d4 Nf6 2. Nf3 e6 3. e3 d5 4. Bd3 Be7 5. 0-0 0-0 6. b3 Nbd7 7. Bb2 c5 8. Nbd2 cxd4 9. exd4 b6 10. c4 Bb7 11. Rc1 Rc8 1/2-1/2

[Event "St Eufemia d'Aspromonte op 3rd"]
[Site "St Eufemia d'Aspromonte"]
[Date "2010.01.05"]
[Round "6"]
[White "Luvera, Filippo"]
[Black "Tricomi, Massimo"]
[Result "1-0"]
[WhiteElo "1871"]
[BlackElo "1917"]
[PlyCount "91"]
[EventDate "2010.01.02"]
[EventType "swiss"]
[EventRounds "7"]
[EventCountry "ITA"]
[SourceTitle "CBM 134 Extra"]
[Source "ChessBase"]
[SourceDate "2010.03.03"]
[SourceVersion "1"]
[SourceVersionDate "2010.03.03"]
[SourceQuality "1"]

1. e4 Nc6 2. Nf3 Nf6 3. e5 Ng4 4. d4 d6 5. h3 Nh6 6. Bb5 a6 7. Bxc6+ bxc6 8. 0-0 g6 9. Re1 Bg7 10. exd6 cxd6 11. Qe2 e6 12. c3 0-0 13. Nbd2 Bb7 14. Ne4 Nf5 15. Bg5 f6 16. Bc1 Qc7 17. Ng3 Nxg3 18. Qxe6+ Qf7 19. fxg3 Rfe8 20. Qxf7+ Kxf7 21. Rxe8 Rxe8 22. Kf2 c5 23. dxc5 dxc5 24. Be3 Rc8 25. Rd1 Rc7 26. Bxc5 Bxf3 27. gxf3 Rxc5 28. Rd7+ Kg8 29. Ke3 f5 30. Kd3 Rb5 31. b3 Rc5 32. c4 a5 33. Rd5 Rxd5+ 34. cxd5 Kf7 35. Kc4 Ke7 36. a3 Kd6 37. b4 axb4 38. axb4 Bb2 39. b5 Ba3 40. b6 Bc5 41. b7 Ba7 42. g4 f4 43. g5 Kc7 44. h4 Bb6 45. Kb5 Kd6 46. b8Q+ 1-0

[Event "St Eufemia d'Aspromonte op 3rd"]
[Site "St Eufemia d'Aspromonte"]
[Date "2010.01.03"]
[Round "2"]
[White "Luvera, Filippo"]
[Black "Blasco, Domenico"]
[Result "0-1"]
[WhiteElo "1871"]
[BlackElo "1987"]
[PlyCount "88"]
[EventDate "2010.01.02"]
[EventType "swiss"]
[EventRounds "7"]
[EventCountry "ITA"]
[SourceTitle "CBM 134 Extra"]
[Source "ChessBase"]
[SourceDate "2010.03.03"]
[SourceVersion "1"]
[SourceVersionDate "2010.03.03"]
[SourceQuality "1"]

1. e4 g6 2. d4 Bg7 3. Nf3 d6 4. Nc3 a6 5. Be2 b5 6. a3 Bb7 7. 0-0 e6 8. Bf4 Ne7 9. Qd2 h6 10. Rad1 Nd7 11. Rfe1 g5 12. Bg3 0-0 13. h3 f5 14. exf5 Nxf5 15. Bh2 Qf6 16. Rf1 Rae8 17. d5 exd5 18. Nxd5 Bxd5 19. Qxd5+ Qe6 20. Qxe6+ Rxe6 21. Bd3 Bxb2 22. a4 Nc5 23. axb5 Nxd3 24. Rxd3 axb5 25. Rb3 Bg7 26. Rxb5 Nd4 27. Nxd4 Bxd4 28. Rb7 Re2 29. Bg3 Rxc2 30. h4 gxh4 31. Bxh4 h5 32. Rbb1 Rf4 33. Bg5 Rfxf2 34. Rxf2 Bxf2+ 35. Kh1 Bg3 36. Bd8 d5 37. Kg1 Kf7 38. Kf1 Ke6 39. Rd1 c5 40. Rd3 h4 41. Ra3 d4 42. Ra6+ Kd5 43. Rh6 d3 44. Bxh4 Rc1# 0-1

[Event "Amantea op-B 7th"]
[Site "Amantea"]
[Date "2009.09.07"]
[Round "8"]
[White "Caporale, Giuseppe Guido"]
[Black "Luvera, Filippo"]
[Result "0-1"]
[WhiteElo "1844"]
[BlackElo "1835"]
[PlyCount "98"]
[EventDate "2009.08.31"]
[EventType "swiss"]
[EventRounds "8"]
[EventCountry "ITA"]
[SourceTitle "CBM 132 Extra"]
[Source "ChessBase"]
[SourceDate "2009.11.03"]
[SourceVersion "1"]
[SourceVersionDate "2009.11.03"]
[SourceQuality "1"]

1. e4 c5 2. Nf3 Nc6 3. Bb5 d6 4. d3 Bd7 5. a3 Nf6 6. Nc3 g6 7. Bd2 Bg7 8. 0-0 0-0 9. Rb1 a6 10. Bc4 b5 11. Ba2 b4 12. Ne2 a5 13. h3 Rb8 14. Be3 e5 15. Nd2 Qc7 16. f4 Be6 17. Bxe6 fxe6 18. fxe5 Nxe5 19. axb4 axb4 20. Nf4 Qd7 21. Qe2 Nc6 22. c3 Ne8 23. c4 Nc7 24. Nf3 Bh6 25. Nh2 Bg7 26. Rf2 Nd4 27. Qg4 b3 28. Nf3 Nc2 29. Bd2 Qf7 30. Ng5 Qf6 31. Ngxe6 Nxe6 32. Qxe6+ Qxe6 33. Nxe6 Rxf2 34. Kxf2 Be5 35. Bc3 Bxc3 36. bxc3 b2 37. g4 Na3 38. Rxb2 Rxb2+ 39. Ke3 Kf7 40. Ng5+ Kg7 41. Nf3 h6 42. e5 dxe5 43. Nxe5 Nb1 44. Nd7 Nxc3 45. Nxc5 Nd1+ 46. Kd4 Rh2 47. Ne6+ Kf6 48. Kd5 Rxh3 49. d4 Ne3+ 0-1

[Event "Amantea op-B 7th"]
[Site "Amantea"]
[Date "2009.09.03"]
[Round "4"]
[White "Luvera, Filippo"]
[Black "Mileo, Miguelito"]
[Result "1-0"]
[WhiteElo "1835"]
[BlackElo "1656"]
[PlyCount "79"]
[EventDate "2009.08.31"]
[EventType "swiss"]
[EventRounds "8"]
[EventCountry "ITA"]
[SourceTitle "CBM 132 Extra"]
[Source "ChessBase"]
[SourceDate "2009.11.03"]
[SourceVersion "1"]
[SourceVersionDate "2009.11.03"]
[SourceQuality "1"]

1. e4 c6 2. d4 d5 3. Nc3 dxe4 4. Nxe4 Nd7 5. Bc4 Ngf6 6. Ng5 e6 7. Qe2 Nb6 8. Bb3 h6 9. N5f3 Bd6 10. Ne5 Qc7 11. Ngf3 a5 12. a4 Nbd5 13. 0-0 0-0 14. Re1 b6 15. c3 Bb7 16. Bc2 Ne7 17. Nc4 Nf5 18. Nxd6 Qxd6 19. Ne5 c5 20. dxc5 bxc5 21. Rd1 Qb6 22. Rb1 Rad8 23. Bf4 Nd5 24. Bd2 Ba6 25. Bd3 Bxd3 26. Qxd3 Qb3 27. Qc4 Qb8 28. Nc6 Qa8 29. Nxd8 Rxd8 30. Qxc5 Nh4 31. f3 g5 32. Qf2 Kh7 33. c4 Nf6 34. Bc3 Rxd1+ 35. Rxd1 Nh5 36. Qd4 Nf5 37. Qd8 Qa7+ 38. Bd4 Nxd4 39. Qxd4 Qb7 40. Qe4+ 1-0

[Event "Amantea op-B 7th"]
[Site "Amantea"]
[Date "2009.08.31"]
[Round "1"]
[White "Battaglia, Domenica"]
[Black "Luvera, Filippo"]
[Result "0-1"]
[WhiteElo "1512"]
[BlackElo "1835"]
[PlyCount "96"]
[EventDate "2009.08.31"]
[EventType "swiss"]
[EventRounds "8"]
[EventCountry "ITA"]
[SourceTitle "CBM 132 Extra"]
[Source "ChessBase"]
[SourceDate "2009.11.03"]
[SourceVersion "1"]
[SourceVersionDate "2009.11.03"]
[SourceQuality "1"]

1. e4 c5 2. d3 Nc6 3. Nf3 d6 4. b3 Nf6 5. Bb2 e6 6. Be2 Be7 7. 0-0 0-0 8. c4 a6 9. Nbd2 Rb8 10. Qc2 Nd7 11. Rab1 Nb4 12. Qd1 Nxa2 13. Qc2 Nb4 14. Qc3 Bf6 15. d4 Nc6 16. Qe3 cxd4 17. Nxd4 Nxd4 18. Bxd4 Bxd4 19. Qxd4 Nf6 20. Bd3 Qc7 21. Nf3 Bd7 22. e5 dxe5 23. Nxe5 Rbd8 24. Nxd7 Qxd7 25. Qxd7 Rxd7 26. Rbd1 Rfd8 27. Be2 Rxd1 28. Rxd1 Rxd1+ 29. Bxd1 b6 30. f3 Kf8 31. Kf2 Ke7 32. Ke3 Kd6 33. f4 Kc5 34. h3 Nd7 35. g4 Kb4 36. h4 Nc5 37. Bc2 h6 38. g5 Nxb3 39. Bd3 a5 40. Ke4 Nc5+ 41. Kd4 Nxd3 42. Kxd3 a4 43. Kc2 Kxc4 44. Kb2 Kb4 45. Ka2 b5 46. gxh6 gxh6 47. h5 Kc4 48. Ka3 Kd4 0-1

[Event "Bagnara Calabra op-B"]
[Site "Bagnara Calabra"]
[Date "2008.01.05"]
[Round "6"]
[White "Tricomi, Massimo"]
[Black "Luvera, Filippo"]
[Result "1-0"]
[WhiteElo "1888"]
[BlackElo "1850"]
[PlyCount "89"]
[EventDate "2008.01.02"]
[EventType "swiss"]
[EventRounds "7"]
[EventCountry "ITA"]
[SourceTitle "EXT 2009"]
[Source "ChessBase"]
[SourceDate "2008.11.26"]
[SourceVersion "1"]
[SourceVersionDate "2008.11.26"]
[SourceQuality "1"]

1. d4 Nf6 2. Nf3 e6 3. e3 d5 4. Bd3 c5 5. c3 Nc6 6. 0-0 Bd6 7. Nbd2 0-0 8. dxc5 Bxc5 9. e4 dxe4 10. Nxe4 Nxe4 11. Bxe4 h6 12. Bxc6 bxc6 13. Qa4 Qc7 14. Bf4 Qb6 15. b4 Be7 16. Ne5 Bb7 17. Nd7 Qb5 18. Qxb5 cxb5 19. Nxf8 Kxf8 20. Rfd1 Bd5 21. a4 Bb3 22. axb5 Bxd1 23. Rxd1 Ke8 24. Be3 Rc8 25. Rc1 Rc7 26. b6 axb6 27. Bxb6 Rc6 28. Be3 e5 29. b5 Rc4 30. b6 Kd7 31. b7 Kc7 32. Rb1 Bb4 33. Rxb4 Rxb4 34. cxb4 Kxb7 35. Kf1 Kc6 36. Ke2 Kb5 37. Bc5 h5 38. Bf8 g6 39. Kd3 f5 40. Bd6 e4+ 41. Ke3 g5 42. h4 gxh4 43. Kf4 Kc6 44. Bc5 Kd5 45. Kxf5 1-0

[Event "Bagnara Calabra op-B"]
[Site "Bagnara Calabra"]
[Date "2008.01.02"]
[Round "1"]
[White "Luvera, Filippo"]
[Black "Mileo, Miguelito"]
[Result "1-0"]
[WhiteElo "1850"]
[BlackElo "1536"]
[PlyCount "88"]
[EventDate "2008.01.02"]
[EventType "swiss"]
[EventRounds "7"]
[EventCountry "ITA"]
[SourceTitle "EXT 2009"]
[Source "ChessBase"]
[SourceDate "2008.11.26"]
[SourceVersion "1"]
[SourceVersionDate "2008.11.26"]
[SourceQuality "1"]

1. e4 c5 2. c3 d6 3. d4 cxd4 4. cxd4 Nf6 5. Nc3 a6 6. Nf3 b5 7. a3 e6 8. Bd3 Bb7 9. 0-0 Nbd7 10. Bf4 Nb6 11. Qe2 Be7 12. Rfe1 0-0 13. Rac1 Rc8 14. h3 Re8 15. Red1 g6 16. Bh6 Bf8 17. Bxf8 Rxf8 18. Qe3 Kg7 19. b3 Re8 20. Nh2 Nbd7 21. e5 dxe5 22. dxe5 Nd5 23. Nxd5 exd5 24. Ng4 g5 25. Rxc8 Bxc8 26. Qd4 Qb6 27. Qxd5 Nxe5 28. Nxe5 Qc7 29. Nf3 f6 30. Bb1 Be6 31. Qd3 Kg8 32. Qd6 Qc3 33. Re1 Bf7 34. Rxe8+ Bxe8 35. Bxh7+ Kxh7 36. Qe7+ Kh6 37. Qf8+ Kh7 38. Qxe8 Qc1+ 39. Ne1 Qc3 40. Qe3 b4 41. Qxc3 bxc3 42. Nc2 f5 43. Kf1 Kg6 44. Ke2 g4 1-0

[Event "Calabria Province-ch"]
[Site "San Fili"]
[Date "2007.06.10"]
[Round "4"]
[White "Luvera, Filippo"]
[Black "Valotta, Massimiliano"]
[Result "0-1"]
[WhiteElo "1898"]
[BlackElo "1889"]
[PlyCount "142"]
[EventDate "2007.06.08"]
[EventType "swiss"]
[EventRounds "5"]
[EventCountry "ITA"]
[SourceTitle "EXT 2010"]
[Source "ChessBase"]
[SourceDate "2010.11.25"]
[SourceVersion "1"]
[SourceVersionDate "2010.11.25"]
[SourceQuality "1"]

1. e4 c5 2. c3 d5 3. exd5 Qxd5 4. d4 cxd4 5. cxd4 e6 6. Nc3 Bb4 7. Nf3 Nc6 8. Be2 Nf6 9. 0-0 Bxc3 10. bxc3 b5 11. a4 Ne4 12. Bb2 bxa4 13. Qxa4 Bd7 14. Qa3 Nd6 15. Nd2 Nb5 16. Bxb5 Qxb5 17. c4 Qb4 18. Bc3 Qxa3 19. Rxa3 0-0 20. Rfa1 Rfc8 21. Ne4 f5 22. Nc5 Rc7 23. f4 h6 24. g3 g5 25. fxg5 hxg5 26. Kf2 Kf7 27. Nd3 g4 28. d5 exd5 29. cxd5 Nd8 30. Ne5+ Ke7 31. Bb4+ Kf6 32. Bd6 Rc2+ 33. Kg1 Bb5 34. Rxa7 Rxa7 35. Rxa7 Rc1+ 36. Kf2 Rc2+ 37. Kg1 Re2 38. Nd7+ Bxd7 39. Rxd7 Nf7 40. Bf4 Re1+ 41. Kf2 Rh1 42. Kg2 Re1 43. Ra7 Re2+ 44. Kg1 Re7 45. Ra6+ Kg7 46. Kf2 Rd7 47. Ra5 Nd6 48. Bxd6 Rxd6 49. Ke3 Kf6 50. Kd4 Rb6 51. Kc5 Rb2 52. Ra6+ Ke7 53. Ra7+ Kf6 54. Ra6+ Ke7 55. Re6+ Kf7 56. Rh6 Rc2+ 57. Kd6 Kg7 58. Rh4 Re2 59. Kd7 Rd2 60. d6 Kf6 61. Rh6+ Kf7 62. Rh7+ Kf8 63. Re7 Rxh2 64. Kd8 f4 65. gxf4 g3 66. d7 g2 67. Re8+ Kf7 68. Kc8 g1Q 69. d8Q Qc5+ 70. Kb8 Rb2+ 71. Ka8 Qa3+ 0-1

[Event "Calabria Province-ch"]
[Site "San Fili"]
[Date "2007.06.08"]
[Round "1"]
[White "Olivo, Paolo"]
[Black "Luvera, Filippo"]
[Result "0-1"]
[WhiteElo "1670"]
[BlackElo "1898"]
[PlyCount "92"]
[EventDate "2007.06.08"]
[EventType "swiss"]
[EventRounds "5"]
[EventCountry "ITA"]
[SourceTitle "EXT 2010"]
[Source "ChessBase"]
[SourceDate "2010.11.25"]
[SourceVersion "1"]
[SourceVersionDate "2010.11.25"]
[SourceQuality "1"]

1. e4 c5 2. Nf3 Nc6 3. d4 cxd4 4. Nxd4 Nf6 5. Nc3 e5 6. Ndb5 d6 7. Bg5 a6 8. Na3 b5 9. Nd5 Be7 10. Nxe7 Qxe7 11. c3 h6 12. Bxf6 Qxf6 13. Nc2 0-0 14. Ne3 Bb7 15. Be2 Rad8 16. 0-0 Ne7 17. Nd5 Nxd5 18. exd5 e4 19. a4 Qe5 20. axb5 axb5 21. Bxb5 Bxd5 22. Re1 Qe6 23. Qd4 f5 24. Ra3 Kh8 25. c4 Ba8 26. Ra7 Qf6 27. Qxf6 Rxf6 28. Rea1 Rff8 29. b4 f4 30. Re7 f3 31. Raa7 Rg8 32. g4 d5 33. c5 d4 34. Kf1 Rb8 35. Ra5 Bd5 36. Re5 Rxb5 37. Rxb5 Bc4+ 38. Ke1 Bxb5 39. Rxe4 Re8 40. Rxe8+ Bxe8 41. Kd2 Bb5 42. h3 Kg8 43. Kc2 Kf7 44. Kb3 Ke7 45. Kc2 Ke6 46. c6 Kd6 0-1

[Event "RC Province-ch"]
[Site "Locri"]
[Date "2007.03.04"]
[Round "4"]
[White "Ceravolo, Alberto"]
[Black "Luvera, Filippo"]
[Result "0-1"]
[WhiteElo "1643"]
[BlackElo "1871"]
[PlyCount "96"]
[EventDate "2007.03.02"]
[EventType "swiss"]
[EventRounds "5"]
[EventCountry "ITA"]
[SourceTitle "EXT 2010"]
[Source "ChessBase"]
[SourceDate "2010.11.25"]
[SourceVersion "1"]
[SourceVersionDate "2010.11.25"]
[SourceQuality "1"]

1. e4 c5 2. Nf3 Nc6 3. Bb5 Qc7 4. c3 a6 5. Ba4 b5 6. Bc2 d6 7. d4 cxd4 8. Nxd4 e6 9. 0-0 Nf6 10. f3 Be7 11. Be3 0-0 12. Nd2 Bb7 13. N2b3 Rac8 14. Rc1 Ne5 15. Nd2 d5 16. exd5 Nxd5 17. Bf2 Nc4 18. Nxc4 bxc4 19. Bg3 Qa5 20. Qe1 Nf6 21. Bb1 Bc5 22. Bf2 Qb6 23. Qe2 Bd5 24. Rce1 Rfe8 25. Kh1 Rb8 26. Bg3 Rb7 27. Be5 Qxb2 28. Qxb2 Rxb2 29. Bxf6 gxf6 30. Re2 Reb8 31. Rxb2 Rxb2 32. Nc2 a5 33. h3 f5 34. Kh2 Bd6+ 35. Kg1 Bc5+ 36. Kh2 Kg7 37. Kg3 Kg6 38. Kh4 h5 39. g4 hxg4 40. hxg4 Kf6 41. g5+ Kg6 42. f4 Rb8 43. Kg3 Rh8 44. Nd4 Bxd4 45. cxd4 Rh1 46. Rxh1 Bxh1 47. Kf2 Be4 48. Bxe4 fxe4 0-1

[Event "RC Province-ch"]
[Site "Locri"]
[Date "2007.03.04"]
[Round "5"]
[White "Luvera, Filippo"]
[Black "Zavaglia, Giuseppe"]
[Result "1-0"]
[WhiteElo "1871"]
[BlackElo "1886"]
[PlyCount "83"]
[EventDate "2007.03.02"]
[EventType "swiss"]
[EventRounds "5"]
[EventCountry "ITA"]
[SourceTitle "EXT 2010"]
[Source "ChessBase"]
[SourceDate "2010.11.25"]
[SourceVersion "1"]
[SourceVersionDate "2010.11.25"]
[SourceQuality "1"]

1. e4 e6 2. d4 c5 3. d5 e5 4. c4 d6 5. Nc3 Nf6 6. h3 Be7 7. Nf3 Na6 8. Qb3 0-0 9. a3 Rb8 10. Bd3 Bd7 11. 0-0 Nc7 12. Qc2 b5 13. cxb5 Nxb5 14. Nxb5 Bxb5 15. Bxb5 Rxb5 16. Be3 Qb8 17. Rfb1 Rc8 18. Nd2 h6 19. Nc4 Bd8 20. f4 Rb3 21. fxe5 dxe5 22. Bf2 Ne8 23. Kh2 Bc7 24. Bxc5 Qb5 25. Bb4 Qa4 26. Qd1 a5 27. Nd2 Rxb4 28. axb4 Qxb4 29. Ra4 Qb5 30. b4 axb4 31. Raxb4 Qd3 32. Nf3 Qe3 33. Qe1 Qf4+ 34. Qg3 Qf6 35. Rc4 Nd6 36. Qg4 h5 37. Qd7 Kh7 38. Rxc7 Rxc7 39. Qxc7 Qf4+ 40. Kh1 Nxe4 41. Qxe5 Ng3+ 42. Kg1 1-0

[Event "Cutro op-B 12th"]
[Site "Cutro"]
[Date "2006.04.30"]
[Round "8"]
[White "Luvera, Filippo"]
[Black "Catapano, Francesco"]
[Result "1/2-1/2"]
[WhiteElo "1832"]
[BlackElo "1784"]
[PlyCount "118"]
[EventDate "2006.04.23"]
[EventType "swiss"]
[EventRounds "9"]
[EventCountry "ITA"]
[SourceTitle "EXT 2007"]
[Source "ChessBase"]
[SourceDate "2006.11.23"]
[SourceVersion "1"]
[SourceVersionDate "2006.11.23"]
[SourceQuality "1"]

1. e4 e6 2. d4 b6 3. Be3 Bb7 4. Bd3 Nf6 5. Nd2 d6 6. Ngf3 Be7 7. h3 Nbd7 8. c4 0-0 9. 0-0 e5 10. d5 Rc8 11. Rc1 c6 12. b4 cxd5 13. cxd5 Rc7 14. Qe2 Qb8 15. Rxc7 Qxc7 16. Nc4 Rc8 17. Rc1 Qb8 18. Rc2 Rc7 19. Na3 Rxc2 20. Qxc2 Qc8 21. Qxc8+ Bxc8 22. g3 a6 23. Kg2 Bb7 24. Nc4 b5 25. Na5 Nxd5 26. Nxb7 Nxb4 27. Bb1 f6 28. Nh4 g6 29. f4 Nc6 30. f5 Kg7 31. g4 Nc5 32. Nxc5 dxc5 33. Nf3 c4 34. Kf2 g5 35. Ke2 Kf7 36. Kd2 Ke8 37. Kc2 Kd7 38. Kb2 Kc7 39. a3 Kb7 40. Ba2 Kc7 41. a4 Kb7 42. axb5 axb5 43. Nd2 Nd4 44. Nxc4 bxc4 45. Bxc4 Nc6 46. Bd5 Kc7 47. Kb3 Nd8 48. Kc4 Nc6 49. Kb5 Nd8 50. Bc5 Bd6 51. Bxd6+ Kxd6 52. Kb6 Kd7 53. Kc5 Kc7 54. Bg8 h6 55. Kd5 Kd7 56. Kc5 Nb7+ 57. Kd5 Nd8 58. Kc4 Kd6 59. Bd5 Nc6 1/2-1/2

[Event "Cutro op-B 12th"]
[Site "Cutro"]
[Date "2006.04.29"]
[Round "7"]
[White "Zavaglia, Giuseppe"]
[Black "Luvera, Filippo"]
[Result "1/2-1/2"]
[WhiteElo "1808"]
[BlackElo "1832"]
[PlyCount "38"]
[EventDate "2006.04.23"]
[EventType "swiss"]
[EventRounds "9"]
[EventCountry "ITA"]
[SourceTitle "EXT 2007"]
[Source "ChessBase"]
[SourceDate "2006.11.23"]
[SourceVersion "1"]
[SourceVersionDate "2006.11.23"]
[SourceQuality "1"]

1. d4 d5 2. Nf3 Nf6 3. Bg5 e6 4. Nbd2 Be7 5. e3 Nbd7 6. Bd3 h6 7. Bh4 0-0 8. 0-0 c5 9. c3 b6 10. Re1 Bb7 11. e4 dxe4 12. Nxe4 cxd4 13. Nxd4 Nc5 14. Nxc5 Bxc5 15. Nb3 Qd5 16. Bf1 Ne4 17. Qxd5 Bxd5 18. Nxc5 Nxc5 19. c4 Bb7 1/2-1/2